Form of building contract June 1975 edition. November 1978 revision (Record no. 95799)

MARC details
000 -LEADER
fixed length control field 00475cam a2200181 4500
001 - CONTROL NUMBER
control field D3644
008 - FIXED-LENGTH DATA ELEMENTS--GENERAL INFORMATION
fixed length control field 090401t1978 xxu||||| |||| 00| 0 eng d
035 ## - SYSTEM CONTROL NUMBER
System control number (Sirsi) u74278
041 ## - LANGUAGE CODE
Language code of text/sound track or separate title eng
050 ## - LIBRARY OF CONGRESS CALL NUMBER
Classification number 692.8
110 ## - MAIN ENTRY--CORPORATE NAME
Corporate name or jurisdiction name as entry element Faculty of Architects and Surveyors
9 (RLIN) 394
245 ## - TITLE STATEMENT
Title Form of building contract June 1975 edition. November 1978 revision
260 ## - PUBLICATION, DISTRIBUTION, ETC.
Place of publication, distribution, etc. Chippenham Wilts
Name of publisher, distributor, etc. FAS
Date of publication, distribution, etc. 1978
300 ## - PHYSICAL DESCRIPTION
Extent 14p. 30cm
350 ## - PRICE (NR) (BK AM CF MU VM SE) [OBSOLETE]
Price 3.5
942 ## - ADDED ENTRY ELEMENTS (KOHA)
Suppress in OPAC 0
948 ## - LOCAL PROCESSING INFORMATION (OCLC); SERIES PART DESIGNATOR (RLIN)
c (OCLC) 04/03/1997
Holdings
Withdrawn status Lost status Source of classification or shelving scheme Damaged status Not for loan Home library Current library Shelving location Date acquired Cost, normal purchase price Total Checkouts Full call number Barcode Date last seen Copy number Cost, replacement price Price effective from Koha item type
    Dewey Decimal Classification     London London Pamphlets 14/09/1999 3.50   P692.8 30004660 06/08/2019 1 3.50 06/08/2019 Reference material